Flags of Men's FIBA World Cup Hosts - Statistics

General Stats
  • This quiz has been taken 18 times
  • The average score is 16 of 17
Answer Stats
Picture Hint Answer % Correct
1950, 1990 Argentina
100%
1954, 1963 Brazil
100%
1959 Chile
100%
1967 Uruguay
100%
1994 Canada
94%
2019 China
94%
1982 Colombia
94%
1998 Greece
94%
2006, 2023 Japan
94%
1978, 2023 Philippines
94%
2027 Qatar
94%
1986, 2014 Spain
94%
2010 Turkey
94%
2002 United States
94%
2023 Indonesia
88%
1970 Yugoslavia
81%
1974 Puerto Rico
75%
No matching quizzes found
Score Distribution
Percent of People with Each Score
Percentile by Number Answered
Your Score History
You have not taken this quiz